| 000 | 00356nam a2200145Ia 4500 | ||
|---|---|---|---|
| 008 | 230917s9999||||xx |||||||||||||| ||und|| | ||
| 040 |
_e160328 _aMAIN |
||
| 041 | _aEnglish | ||
| 082 | _a338.4791 M264H | ||
| 100 | _aMadhukar, Manoj | ||
| 245 | 0 | _aHuman resource management in tourism | |
| 260 |
_aDelhi _bRajat _c2000 |
||
| 300 | _a286 p. | ||
| 942 | _cBK | ||
| 999 |
_c130415 _d130415 |
||